000 00822nmm a2200241 a 4500
001 ocm000702673
003 TR-IsHL
005 20201028135233.0
008 131203s1983 tu tur
007 cr cn
035 _a702673
_b(N$T)
050 0 4 _aHC492
_b.P76 1983
090 0 4 _aHC492
_b.P76 1983
245 1 0 _aProf. Fehmi Yavuz'a armağan
_h[electronic resource]
260 _aAnkara :
_bAnkara Üniversitesi Siyasal Bilgiler Fakültesi,
_c1983
300 _a532 p.
650 4 _aEkonomi ve Finans
650 4 _aEconomics and Finance
650 0 _aTürkiye
_x Ekonomik durum, 1960 -
650 0 _aTurkey
_x Economic conditions, 1960-
650 7 _aBUSINESS & ECONOMICS / Economic Conditions
_2bisacsh
856 4 0 _uhttp://search.ebscohost.com/login.aspx?direct=true&scope=site&db=e011xww&AN=702673
999 _c6631
_d6631